000 00600nmm a2200241 a 4500
003 AR-BaBNM
005 20251128211253.0
008 233020s1961 ||||||||||||||000 | spa||
040 _cAR-BaBNM
100 1 _aEscardó, F.
245 1 0 _aSexología de la familia
250 _a2ª ed. corr. y aum.
260 _aBuenos Aires
_bEl Ateneo
_c1961
300 0 _a87 p.
_bil.
650 4 _aEDUCACION SEXUAL
650 4 _aFAMILIA
650 4 _aSEXUALIDAD
650 4 _aSEXUALIDAD INFANTIL
650 4 _aPSICOLOGIA DEL NINO
650 4 _aRELACION PADRES-HIJOS
942 _cBK
998 _cEugenia
999 _c18939
_d18939